000 00503nam a2200181Ia 4500
005 20250508151746.0
008 008 250505s9999 xx 000 0 hin d
037 _aTextual
040 _aFEDL
_beng
_cFEDL
041 _ahin
_2eng
084 _a371.5, GUP
_qFEDL
100 _aGupta M R
_9759918
245 0 _aMahan Bharat ke or: Anusasan per ek nibandh
260 _aDelhi, India
_bMamanchand Hukumchand
300 _a190p.
942 _cTEXL
_h371.5, GUP
999 _c1331963
_d1331963